I sei paesi più vicini: la Germania - Statistics

Statistiche generali
  • Questo quiz è stato fatto 48 volte
  • Il punteggio medio è 4 su 6
Statistiche sulle risposte
km paese % Corretto
0 Belgio
73%
0 Paesi Bassi
73%
0 Svizzera
73%
0 Polonia
70%
0 Lussemburgo
57%
0 Cechia
49%
Nessun quiz corrispondente trovato
Distribuzione punteggi
Percentuale di utenti per punteggio
Percentile per numero di risposta
I tuoi punteggi nel tempo
Non hai fatto questo quiz